| 000 | 01201nam a2200337 i 4500 | ||
|---|---|---|---|
| 001 | 25475 | ||
| 003 | KOSZ 005 | ||
| 005 | 20250517063449.0 | ||
| 008 | 071026s1971 pl a f 000 0 pol | ||
| 015 | _aPB 1971/11746 | ||
| 035 | _a(OCoLC)749406995 | ||
| 040 |
_aWA N _cWA N _dKOSZ 005/KK |
||
| 080 | _a681.3:621.37/.38:62-5 | ||
| 100 | 1 |
_aWagner, Ferdynand _eAutor |
|
| 245 | 1 | 0 |
_aLiczniki elektroniczne w przemysłowych układach sterowania / _cFerdynand Wagner. |
| 260 |
_aWarszawa : _bWydawnictwa Naukowo-Techniczne, _c1971. |
||
| 300 |
_a118, [1] stron : _bilustracje ; _c23 cm. |
||
| 336 |
_2rdacontent _aTekst _btxt |
||
| 337 |
_2rdamedia _aBez urządzenia pośredniczącego _bn |
||
| 338 |
_2rdacarrier _aWolumin _bnc |
||
| 380 | _aKsiążki. | ||
| 490 | 1 | _aAutomatyka. | |
| 504 | _aBibliografia na stronach 114-117. | ||
| 650 | 4 | _aLiczniki | |
| 658 | _aInżynieria i technika | ||
| 650 | 4 | _aAutomatyka | |
| 710 | 2 |
_aWydawnictwa Naukowo-Techniczne _4pbl. |
|
| 856 |
_uhttp://koha.tu.koszalin.pl/cgi-bin/koha/opac-detail.pl?biblionumber=25475 _yKatalog online BPK |
||
| 830 | 0 | _aAutomatyka (Wydawnictwa Naukowo-Techniczne) | |
| 942 |
_2UKD _cKS |
||
| 999 |
_c25475 _d25475 |
||